000 00275nam a22001217a 4500
008 170224b xxu||||| |||| 00| 0 eng d
041 _aeng
080 _a617
100 _a5
101 _aSHK
245 _aCURRENT SURGICAL DIAGNOSIS TREATMENT
_cDOHERTY.G.M
942 _2udc
_cBK
999 _c6217
_d6217